[Event "Piacenza Ruscitti Memorial"]
[Site "Piacenza"]
[Date "2022.10.23"]
[Round "3"]
[White "Bodini, Ludovico"]
[Black "Grillo, Francesco"]
[Result "1-0"]
[WhiteElo "1654"]
[BlackElo "1657"]
[PlyCount "89"]
[EventDate "2022.10.22"]
[EventType "swiss"]
[EventRounds "5"]
[EventCountry "ITA"]
[SourceTitle "EXT 2024"]
[Source "ChessBase"]
[SourceDate "2023.10.10"]
[SourceVersion "1"]
[SourceVersionDate "2023.10.10"]
[SourceQuality "1"]

1. d4 Nf6 2. c4 e6 3. Nf3 Bb4+ 4. Bd2 a5 5. Qc2 d6 6. g3 Nbd7 7. Bg2 0-0 8. 0-0 Bxd2 9. Nbxd2 Qe7 10. Nh4 Rb8 11. a4 b6 12. e4 g6 13. f4 e5 14. d5 Nc5 15. f5 Bd7 16. b3 g5 17. Nhf3 h6 18. Rae1 Kh8 19. Kf2 Rg8 20. Rh1 Rg7 21. Ke2 c6 22. Kd1 cxd5 23. exd5 Qd8 24. h4 g4 25. Ng5 Qg8 26. Ref1 hxg5 27. hxg5+ Nh7 28. f6 Rxg5 29. Ne4 Bf5 30. Rxf5 Rxf5 31. Nxc5 bxc5 32. Qxf5 Qg6 33. Be4 Kg8 34. Rxh7 Qxf5 35. Bxf5 Rxb3 36. Rg7+ Kf8 37. Rxg4 Rf3 38. Rh4 Kg8 39. g4 Rf4 40. Rh3 Rxc4 41. Rb3 Rb4 42. Rxb4 cxb4 43. Kc2 Kf8 44. Kb3 Ke8 45. Kc4 1-0

[Event "Crema op 16th"]
[Site "Crema"]
[Date "2015.09.06"]
[Round "5"]
[White "Grillo, Francesco"]
[Black "Piccirillo, Edoardo"]
[Result "0-1"]
[WhiteElo "1806"]
[BlackElo "2061"]
[PlyCount "94"]
[EventDate "2015.09.04"]
[EventType "swiss"]
[EventRounds "6"]
[EventCountry "ITA"]
[SourceTitle "EXT 2024"]
[Source "ChessBase"]
[SourceDate "2023.10.10"]
[SourceVersion "1"]
[SourceVersionDate "2023.10.10"]
[SourceQuality "1"]

1. Nf3 e6 2. g3 f5 3. Bg2 Nf6 4. d4 c6 5. c4 d5 6. Nbd2 Bd6 7. Qc2 0-0 8. 0-0 Ne4 9. cxd5 exd5 10. b3 Be6 11. Bb2 Nd7 12. Ne5 Qf6 13. Ndf3 f4 14. Nxd7 Bxd7 15. Ne5 Bf5 16. g4 Bg6 17. Nxg6 Qxg6 18. f3 Nf6 19. Qxg6 hxg6 20. g5 Ne8 21. Bc3 Nc7 22. Bd2 Ne6 23. e4 dxe4 24. fxe4 Nxd4 25. Rae1 Rae8 26. Bc3 Nc2 27. Re2 Bc5+ 28. Kh1 Ne3 29. Rf3 Rxe4 30. Bh3 Ree8 31. Rd2 Nd5 32. Bb2 Re1+ 33. Rf1 Rfe8 34. Rxe1 Rxe1+ 35. Kg2 Kf7 36. Bc8 Be3 37. Rc2 Nb4 38. Rc4 c5 39. Re4 Re2+ 40. Kf3 Rxb2 41. Be6+ Kf8 42. Bd7 Rxh2 43. Be8 Rf2+ 44. Kg4 Rg2+ 45. Kh4 Bf2+ 46. Kh3 Rg3+ 47. Kh2 Rxg5 0-1

[Event "Parco del Taro op 1st"]
[Site "Collecchio"]
[Date "2004.03.14"]
[Round "4"]
[White "Grillo, Francesco"]
[Black "Gualtieri, Primo"]
[Result "1/2-1/2"]
[WhiteElo "1669"]
[BlackElo "1522"]
[PlyCount "79"]
[EventDate "2004.03.12"]
[EventType "swiss"]
[EventRounds "5"]
[EventCountry "ITA"]
[SourceTitle "EXT 2007"]
[Source "ChessBase"]
[SourceDate "2006.11.23"]
[SourceVersion "1"]
[SourceVersionDate "2006.11.23"]
[SourceQuality "1"]

1. d4 Nf6 2. c4 g6 3. Nc3 Bg7 4. e4 d6 5. Be2 0-0 6. Bg5 b6 7. Qd2 c5 8. d5 Ba6 9. Bh6 Bxh6 10. Qxh6 Nbd7 11. f4 Re8 12. Nf3 Ng4 13. Qh3 Ne3 14. Ng5 h6 15. Qxh6 Nf8 16. Kf2 Nc2 17. Rac1 Nd4 18. h4 e5 19. h5 Qf6 20. f5 Qg7 21. hxg6 fxg6 22. Qxg7+ Kxg7 23. g4 Nxe2 24. Nxe2 b5 25. cxb5 Bxb5 26. Rc3 Rab8 27. b3 Rec8 28. Nf3 a5 29. Rhc1 Nd7 30. fxg6 Nf6 31. Nd2 Nxg4+ 32. Kg3 Bxe2 33. Re1 Bb5 34. Kxg4 Kxg6 35. Rg1 Rf8 36. Kh3+ Kf6 37. Rf3+ Ke7 38. Rg7+ Ke8 39. Rxf8+ Kxf8 40. Ra7 1/2-1/2

[Event "Salsomaggiore Terme op 8th"]
[Site "Salsomaggiore Terme"]
[Date "2004.??.??"]
[Round "5"]
[White "Castellano, Alfonso"]
[Black "Grillo, Francesco"]
[Result "1-0"]
[WhiteElo "1920"]
[BlackElo "1645"]
[PlyCount "83"]
[EventDate "2004.05.??"]
[EventType "swiss"]
[EventRounds "6"]
[EventCountry "ITA"]
[SourceTitle "EXT 2007"]
[Source "ChessBase"]
[SourceDate "2006.11.23"]
[SourceVersion "1"]
[SourceVersionDate "2006.11.23"]
[SourceQuality "1"]

1. c4 c6 2. g3 d5 3. b3 Nf6 4. Bb2 Bf5 5. Nf3 e6 6. Bg2 h6 7. 0-0 Be7 8. d3 0-0 9. Nbd2 Nbd7 10. Kh1 Qb6 11. Nh4 Bh7 12. d4 Qd8 13. e3 Ne4 14. Nhf3 f5 15. Ne1 Ndf6 16. Nd3 g5 17. Nf3 Rf7 18. Nfe5 Rg7 19. f3 Nd6 20. Nc5 Qc8 21. Rc1 b6 22. Ncd3 Qe8 23. c5 bxc5 24. Nxc5 Bf8 25. e4 Rc7 26. exd5 cxd5 27. Qe2 Nf7 28. Nxf7 Kxf7 29. Rfe1 a5 30. Nxe6 Re7 31. Rc7 Nd7 32. Qb5 Rb8 33. Qxd5 Rxe6 34. Rxd7+ Kf6 35. Rxe6+ Qxe6 36. Qxe6+ Kxe6 37. Rxh7 Re8 38. f4 Kf6 39. Bf1 Re1 40. Kg1 Rb1 41. Bc3 Bg7 42. d5+ 1-0

[Event "Salsomaggiore Terme op 8th"]
[Site "Salsomaggiore Terme"]
[Date "2004.??.??"]
[Round "1"]
[White "Grillo, Francesco"]
[Black "Capurro, Giuliano"]
[Result "0-1"]
[WhiteElo "1645"]
[BlackElo "2065"]
[PlyCount "116"]
[EventDate "2004.05.??"]
[EventType "swiss"]
[EventRounds "6"]
[EventCountry "ITA"]
[SourceTitle "EXT 2007"]
[Source "ChessBase"]
[SourceDate "2006.11.23"]
[SourceVersion "1"]
[SourceVersionDate "2006.11.23"]
[SourceQuality "1"]

1. d4 Nf6 2. c4 d6 3. Nc3 g6 4. e4 Bg7 5. Be2 0-0 6. Bg5 h6 7. Be3 c6 8. a4 Nbd7 9. d5 Qa5 10. Bd2 Qb6 11. a5 Qd8 12. Nf3 Nc5 13. Qc2 cxd5 14. cxd5 Bg4 15. 0-0 Rc8 16. b4 Ncxe4 17. Qd3 Nxd2 18. Qxd2 Rxc3 19. Qxc3 Nxd5 20. Qc4 Bxa1 21. Rxa1 Be6 22. Nd4 Qc8 23. Nxe6 Qxc4 24. Bxc4 fxe6 25. Bxd5 exd5 26. Rc1 e5 27. Rc7 Rf7 28. Rc8+ Kg7 29. Rd8 Rc7 30. Kf1 d4 31. Rxd6 Kf7 32. Ke2 Rc2+ 33. Kd3 Rxf2 34. Rd7+ Ke6 35. Rxb7 Rb2 36. b5 Kd5 37. Rd7+ Kc5 38. Rc7+ Kd6 39. Rb7 Rb3+ 40. Kc2 Rc3+ 41. Kd2 Rb3 42. Kc2 Rb4 43. Kd3 Ke6 44. g4 h5 45. gxh5 gxh5 46. h4 Kd6 47. a6 Ke6 48. b6 axb6 49. a7 Ra4 50. Rxb6+ Kf5 51. Rb7 e4+ 52. Kc2 Kf4 53. Kb3 Ra6 54. Kb4 d3 55. Rd7 Ke3 56. Kc3 Ke2 57. Rd4 e3 58. Rb4 Rxa7 0-1